00338nam a2200121Ia 4500008004100000041000800041082001700049100002600066245004300092260003900135300003100174365001100205240624s9999 xx 000 0 und d aeng a658.4063 KOT aBES FERNANDO TRIAS DE aWINNING AT INNOVATION THE A TO F MODEL c2012aNew YorkbPalgrave Macmillan axvi, : 272 : p. : cm. ; 22 cRSb50